[Event "Hannover Region-ch U12"]
[Site "Lehrte"]
[Date "2019.10.06"]
[Round "10.8"]
[White "Grosser, Bastian"]
[Black "Thiele, Kira Sophie"]
[Result "1-0"]
[WhiteElo "775"]
[BlackElo "707"]
[PlyCount "81"]
[EventDate "2019.10.03"]
[EventType "swiss"]
[EventRounds "11"]
[EventCountry "GER"]
[SourceTitle "EXT 2024"]
[Source "ChessBase"]
[SourceDate "2023.10.10"]
[SourceVersion "1"]
[SourceVersionDate "2023.10.10"]
[SourceQuality "1"]

1. e4 Nc6 2. d3 e5 3. Qd2 Bb4 4. c3 Bc5 5. Qg5 Nf6 6. Nf3 d6 7. Nbd2 0-0 8. Nc4 Bg4 9. Be2 h6 10. Qd2 Nh7 11. b4 Bb6 12. b5 Nd4 13. cxd4 exd4 14. Bb2 Qf6 15. 0-0 a6 16. bxa6 Rxa6 17. e5 dxe5 18. Nfxe5 Rd8 19. Nxg4 Qh4 20. g3 Qh3 21. Nxb6 Rxb6 22. Qf4 Rd7 23. Qe4 h5 24. Qe8+ Nf8 25. f3 hxg4 26. fxg4 Rh6 27. Rf2 Rdd6 28. g5 Rhe6 29. Qc8 Rg6 30. Bxd4 Rxg5 31. Re1 Rdg6 32. Qxh3 Rh6 33. Qg2 Ra5 34. Qxb7 Rxa2 35. Qxc7 f6 36. Qc4+ Kh8 37. Qxa2 Ne6 38. Qxe6 g5 39. Qf7 Rh7 40. Bxf6+ Rg7 41. Qxg7# 1-0

[Event "Hannover Region-ch U12"]
[Site "Lehrte"]
[Date "2019.10.05"]
[Round "9.6"]
[White "Sass, Arved"]
[Black "Grosser, Bastian"]
[Result "1-0"]
[WhiteElo "969"]
[BlackElo "775"]
[PlyCount "69"]
[EventDate "2019.10.03"]
[EventType "swiss"]
[EventRounds "11"]
[EventCountry "GER"]
[SourceTitle "EXT 2024"]
[Source "ChessBase"]
[SourceDate "2023.10.10"]
[SourceVersion "1"]
[SourceVersionDate "2023.10.10"]
[SourceQuality "1"]

1. d4 d5 2. e3 Nc6 3. Bd3 Nf6 4. c3 e6 5. Nd2 Bd7 6. f4 Bd6 7. Ngf3 0-0 8. 0-0 Qe7 9. Ne5 Qe8 10. Rf3 Nh5 11. Rh3 Nf6 12. b3 b5 13. Bb2 b4 14. a3 bxa3 15. Bxa3 Bxa3 16. Rxa3 Qe7 17. b4 Rab8 18. Rb3 a5 19. Nxc6 Bxc6 20. bxa5 Ba4 21. g4 Bxb3 22. Nxb3 Qa3 23. Bc2 Qb2 24. g5 Ng4 25. Bxh7+ Kh8 26. Nc5 Qb5 27. Bd3+ Kg8 28. Bxb5 Rfc8 29. Qxg4 Rxb5 30. Qh5 Kf8 31. Qh8+ Ke7 32. Qxc8 Rb1+ 33. Kf2 Rb2+ 34. Kf3 Kd6 35. Qd7# 1-0